00623nam a2200145 a 450000100100000000500170001000800410002704000250006808200250009324500770011826000440019530000200023995202010025999900170046000004636620201002052823.0150805s2013 dr 000 0 spa d aDO-SdBNPbspacBNPHU axxxxxxxxxbxxxxxxxxx00aGuía para la instalación de los núcleos territoriales/sectoriales. aSanto Domingo :bAlianza País,c2013. a47 p. ;c22 cm. 0010718PDaPDbPDcHDd2015-08-05iLF1l0oxxxxxxxxx xxxxxxxxxp46366-10r2020-06-25w2020-06-25yLFPDzPerteneció a la biblioteca personal de Chiqui Vicioso / Fidelio Despradel.ZNo se presta c45855d45855